000 00675nam a2200217Ia 4500
001 11294
003 GE_BSU
008 181216s||||||||xx |||||||||||||| ||und||
040 _cGE_BSU
080 _a634.8
100 _aქანთარია ვ.ი
245 _aმევენახეობის აგროტექნიკა
245 _cრედ: მ.ა. რამიშვილი
260 _aთბილისი
260 _bტექნიკა და შრომა
260 _c1950
300 _a372გვ.22სმ.
300 _eილ
653 _aმევენახეობის აგროტექნიკა
942 _cBK
999 _c44496
_d44496